Viatges organitzats. Alimentació a l'estiu. Gelats. Ozó
Descripción Física:
15 p. ; 21 cm
Colección:
Consum (Barcelona (Catalunya : Província). Diputació)
; 3
Otros Autores:
Organització de Consumidors i Usuaris de Catalunya
Materias:
Educació del consumidor
Idioma:
Catalán
MARC
| LEADER | 00000nam a2200000Ia 4500 | ||
|---|---|---|---|
| 001 | 9515 | ||
| 003 | Arxiu | ||
| 005 | 20260324175323.0 | ||
| 008 | 160829s1991 spc xx s cat c | ||
| 040 | |a AGDB | ||
| 041 | |a cat | ||
| 080 | |a FU-14-5 | ||
| 245 | 0 | 0 | |a Viatges organitzats. Alimentació a l'estiu. Gelats. Ozó |
| 260 | |a Barcelona : |b Diputació de Barcelona, Servei de Salut Pública i Consum, |c 1991 | ||
| 300 | |a 15 p. ; |c 21 cm | ||
| 490 | 1 | |a Un cop d'ull al consum ; |v 3 | |
| 590 | |a A la contraportada: Amb la col·laboració de l'Organització de Consumidors i Usuaris de Catalunya (OCUC) | ||
| 650 | 0 | |a Educació del consumidor |9 26804 | |
| 700 | |a Organització de Consumidors i Usuaris de Catalunya |9 26810 | ||
| 710 | |a Barcelona (Catalunya : Província). |b Servei de Salut Pública i Consum |9 8151 |e entitat editora | ||
| 830 | 0 | |9 56020 |a Consum (Barcelona (Catalunya : Província). Diputació) |v 3 | |
| 901 | |a Arxiu | ||
| 942 | |n 1 |2 udc |c ARXIU | ||
| 952 | |0 0 |1 0 |4 0 |6 FU145 |7 1 |9 44153 |a Arxiu |b Arxiu |d 2016-12-01 |l 0 |o FU-14-5 |p 9515 |r 2016-12-01 00:00:00 |w 2016-12-01 |y ARXIU | ||
| 999 | |c 46733 |d 46733 | ||